İNTİKAM (Record no. 984820)

MARC details
000 -LEADER
sabit uzunluktaki kontrol alanı 00237nam a2200097Ia 4500
001 - KONTROL NUMARASI
kontrol alanı 984820
005 - EN SON İŞLEMİN TARİH VE ZAMANI
kontrol alanı 20250826221031.0
008 - SABİT-UZUNLUKTA VERİ ÖĞELERİ--GENEL BİLGİ
sabit uzunluktaki kontrol alanı 250824s9999 xx 000 0 und d
245 #0 - ESER / YAZAR
ESER ADI İNTİKAM
Yazar Adı KAHRAMAN TAZEOĞLU
260 ## - YAYIN, DAĞITIM, VB.
YAYIN EVİ DESTEK YAYINLARI
Holdings
Düşüm durumu Kayıp durumu Hasar Durumu Ödünç verilmez Ana kütüphane Geçerli Kütüphane Edinilen tarih Toplam ödünç verme sayısı Barkod Son görüntüleme tarihi Son ödünç verme tarihi Fiyatın geçerli olmaya başladığı tarih Koha materyal türü
        ATATÜRK MESLEKİ VE TEKNİK ANADOLU LİSESİ ATATÜRK MESLEKİ VE TEKNİK ANADOLU LİSESİ 24.08.2025 1 10494571 20.04.2026 20.04.2026 26.08.2025 Books